| 000 | 00429nam a2200169 a 4500 | ||
|---|---|---|---|
| 005 | 20140412111331.0 | ||
| 008 | 030207s19uu xx 00 eng d | ||
| 020 | _a0-86112-195-3 | ||
| 050 |
_aER _bGo54 |
||
| 245 | _aGod bless. | ||
| 260 | _bBrimax. | ||
| 300 | _a1 v. (unp.) ; ill. | ||
| 440 | _aFirst Prayers Series, 1-3 years | ||
| 650 | _aPrayers--Juvenile literature | ||
| 650 | _aChildrens prayers | ||
| 999 |
_c104916 _d104916 |
||